00659 2200229 4500001002100000005001500021035002000036245004300056100001700099250001200116300002900128856001900157700001700176260006800193082001400261650002800275650002600303008004100329020002200370084002000392990001700412INLIS00000000000006820250711024113 a0010-07250000681 aKado Natal Tersembunyi /cAnnie Besant0 aBesant,Annie apertama a20hlm :bIlus. ;c21.5cm aTBM AS-SYUHADA0 aAlicia Souza aJakarta Timur :bBadan Pengembangan dan Pembinaan Bahasa,c2022 a398.280 2 4acerita anak- terjemahan 4aliterasi bahan bacaan250711 a 0 ind  a978-623-307-591-6 a398.280 2 BES k aTBM202500052